Strategic marketing management : eeting the global marketing challenge /

This book is about: An introduction to strategic marketing management; Achieving competitive advantage; Implementing marketing-Mix strategies; Managing marketing efforts; ...

Gardado en:
Detalles Bibliográficos
Autor Principal: Anderson, Carol H.
Outros autores: Vincze, Julian W.
Formato: Libro
Idioma:English
Publicado: Boston : Houghton Mifflin, 2000.
Những chủ đề:
Các nhãn: Engadir etiqueta
Sen Etiquetas, Sexa o primeiro en etiquetar este rexistro!
Thư viện lưu trữ: Mạng thư viện Đại học Đà Nẵng
LEADER 01183cam a2200373 i 4500
001 000048279
003 7989
005 20030313155654.0
008 010322|2000 vm 000 eng
020 |a 039587050X 
040 |a IRC  |c IRC  |d IRC 
041 0 |a eng 
082 1 4 |a 658.802  |b AN-C 
100 1 |a Anderson, Carol H. 
245 0 0 |a Strategic marketing management :  |b eeting the global marketing challenge /  |c Carol H. Anderson, Julian Vincze. 
260 |a Boston :  |b Houghton Mifflin,  |c 2000. 
300 |a xxiv, 474, 12 p. :  |b col. ill. ;  |c 25.5cm. 
520 3 |a This book is about: An introduction to strategic marketing management; Achieving competitive advantage; Implementing marketing-Mix strategies; Managing marketing efforts; ... 
630 0 4 |a Marketing. 
630 0 4 |a Management. 
630 0 4 |a Strategic planning. 
650 0 4 |a Strategic planning. 
650 0 4 |a Marketing  |x Management. 
700 1 |a Vincze, Julian W. 
OWN |a DUT 
999 |a From the UDN01 
TYP |a Monograph 
TYP |a Printed language 
980 |a Mạng thư viện Đại học Đà Nẵng